00309nam a2200121Ia 45000030006000000080041000060400015000471000052000622450035001142600009001495460012001580050017001700STCL150530s9999 xx 000 0 und d aSTCLcSTCL aNayar, K.K.; Ananthakrishnan, T.N.; David, B.V. aGeneral and applied entomology c1979 aEnglish20220125170504.0